000 00792nam a2200229 i 4500
001 bg
100 1 _aSZMAL, Zdzisław
245 1 0 _aBadania hydrochemiczne jezior lobeliowych Pomorza Zachodniego /
_cZdzisław Szmal ; Poznańskie Towarzystwo Przyjaciół Nauk.
260 _aPoznań :
_bPTPN,
_c1959.
300 _a106 s., [3] k. tabl. złoż. :
_b1 mapa, wykr. ;
_c24 cm.
490 1 _aPrace Komisji Biologicznej ;
_vT.19, z.4
504 _aBibliogr. s. 99-100. - Summ.
650 9 _aJeziora
_xhydrologia
_zPolska
650 9 _aJeziora
_xchemia
_xbadanie
_zPolska
651 9 _aPomorze Zachodnie
_yhydrologia
830 _aPrace Komisji Biologicznej ;
040 _cBPK
041 0 _apl
_ben
080 _a574.5:556.55](438)
942 _cKS
008 s pl f |000 0 pol
999 _c30799
_d30799
856 _uhttp://koha.tu.koszalin.pl/cgi-bin/koha/opac-detail.pl?biblionumber=30799
_yKatalog online BPK